| 000 | 00916nam a22001815i 4500 | ||
|---|---|---|---|
| 001 | 158348 | ||
| 003 | ES-MaACL | ||
| 005 | 20230906211115.0 | ||
| 008 | 040830s1879 sp |||| | spa d | ||
| 040 |
_aCAM _bspa _cCAM |
||
| 100 | 1 |
_aMacarro, Francisco. _9129281 |
|
| 245 | 1 | 3 |
_aLa daga de Alfonso XI _b: episodio histórico en dos actos y en verso / _coriginal de Francisco Macarro. |
| 260 |
_aMadrid : _b[s.n.], _c1879 ( _fImprenta de José Rodriguez) |
||
| 300 |
_a50 p. ; _c19 cm. |
||
| 500 | _aEn port.: Estrenado en Madrid en el Teatro Martin el 11 de mayo de 1879. | ||
| 596 | _aEn verso de la port. consta: "Los comisionados de la Galería Lírico-Dramática, titulada el Teatro, de los Sres. Hijos de A. Gullon ..." | ||
| 852 |
_aES-MaACL _jF-8555(11) _z-- Enc. pasta española _q-- Falto de la cub. original _z-- Enc. en un vol. facticio formando parte de la col. facticia "Teatro español moderno", v.7 |
||
| 999 |
_c158348 _d158348 |
||